The Big Book Of : Dinosaurs A First Book For Young Children (Record no. 261796)
[ view plain ]
| 000 -LEADER | |
|---|---|
| fixed length control field | 00280nam a22001097a 4500 |
| 020 ## - INTERNATIONAL STANDARD BOOK NUMBER | |
| ISBN | 1564587185 |
| 100 ## - MAIN ENTRY--AUTHOR NAME | |
| Personal name | Angela Wilkes |
| 245 ## - TITLE STATEMENT | |
| Title | The Big Book Of : Dinosaurs A First Book For Young Children |
| 260 ## - PUBLICATION, DISTRIBUTION, ETC. (IMPRINT) | |
| Place of publication | U.S.A |
| Name of publisher | Dorling Kindersley |
| Year of publication | 1994 |
| 300 ## - PHYSICAL DESCRIPTION | |
| Number of Pages | 32 pgs |
| 942 ## - ADDED ENTRY ELEMENTS (KOHA) | |
| Koha item type | Long Loan Books |
| Withdrawn status | Lost status | Collection code | Home library | Current library | Shelving location | Date acquired | Accession Number | Koha item type |
|---|---|---|---|---|---|---|---|---|
| Fiction | Rongo University Library | Rongo University Library | Children's Area | 24/11/2023 | CL20221948 | Long Loan Books |
